000 00998nas a2200313 4500
001 BR2013005012
003 BR-BrBNA
005 20231205122543.0
007 ta
008 230509b bl.|||p| |||| 00| 00por d
040 _aBR-BrBNA
_bpor
_cBiblioteca Nacional de Agricultura
041 _a(Pt)
072 _aK10; F01
100 1 _aBrienza Júnior, S.
100 1 _aOliveira, R.P. de
100 1 _aDenich, M.
100 1 _aViek, P.L.G.
245 1 _aPlantio de árvores de crescimento rápido para recuperação de áreas agrícolas na Amazônia Oriental brasileira: estudo de caso com produção de milho e mandioca
650 _aMILHO
650 _aMANDIOCA
650 _aCRESCIMENTO
650 _aACÁCIA
650 _aPLANTIO
650 _aESPAÇAMENTO
650 _aCAPOEIRA
773 0 _tPesquisa Florestal Brasileira (Brazil)
_xISSN 1809-3647
_g(Jan-Dec 2011), v. 31(65-68) p. 347-353
_wBR2013005012
909 _a202311
_bLúcia
_c55
_dLúcia Elande
942 _2AGRIS
_n0
_cANA
999 _c229253
_d229253